000 00400nam a2200157Ia 4500
005 20240807062137.0
008 240806s9999||||xx |||||||||||||| ||eng||
041 _aeng
082 _a954.03
_bRASS
100 _aDr. Rastrabandhu Dube
245 0 _aSwatntrata sanghrs ke 9 dashak /
_cDr. Rastrabandhu Dube
260 _bRameswer Prakashan
300 _a138
650 _aGeneral Studies
942 _cBK
999 _c9801
_d9801